LDR 01081naa#a2200265#i#450# 001 RU\\bibl\108801 005 20260416062204.4 011 ## _a2308-4057 100 ## _a20260325b2026####ek#y0rusy0150####ca 101 0# _aENG 102 ## _aRU 200 1# _aGeroprotective potential of Thymus vulgaris L. callus culture and its metabolites _eЖурнальная статья 210 1# _aКемерово _cКемеровский государственный университет _d2026 215 ## _a17 с. 608 ## _aЖурнальная статья _2local 675 ## _aХимическая технология. Химическая промышленность. Пищевая промышленность. Металлургия. Родственные отрасли. 66 _zENG 700 #1 _aFedorova _gAnastasiya M. 700 #1 _aShevel _gArina A. 700 #1 _aKovalenko _gSvetlana V. 700 #1 _aMiller _gEkaterina S. 700 #1 _aLoseva _gAnna I. 700 #1 _aAltshuler _gOlga G. 700 #1 _aZaushintsena _gAlexandra V. 700 #1 _aYustratov _gVladimir P. 856 4# _azh-szf.ru _u